| 000 | 00523nam a2200181 4500 | ||
|---|---|---|---|
| 001 | 145336 | ||
| 003 | ES-MaACL | ||
| 005 | 20230906201218.0 | ||
| 007 | t| | ||
| 008 | 070214s1971 sp r ||||1| spa d | ||
| 100 | 1 |
_aSparks, John. _9107646 |
|
| 245 | 1 | 0 |
_aVida y costumbres de las aves / _cJohn Sparks ; ilustrado por David Andrews. |
| 250 | _a1ยช. ed. | ||
| 260 |
_aBarcelona : _bBruguera, _c1971. |
||
| 300 |
_a160 p. : _bil. ; _c18 cm. |
||
| 700 | 1 |
_aAndrews, David. _921660 |
|
| 852 |
_aES-MaACL _jC-45377 _bR.79701 |
||
| 999 |
_c145336 _d145336 |
||